000 00575nam a2200181Ia 4500
008 090124s9999 xx 000 0 und d
082 _b111700
100 _aशेगडे वि.ग.
245 _a स्वप्न भंगले रायगडाचे
250 _a1
260 _c1966
300 _a79
600 _aशेगडे वि.ग.
630 _a स्वप्न भंगले रायगडाचे
700 _aशेगडे वि.ग.
730 _a स्वप्न भंगले रायगडाचे
942 _cBOOK
999 _c157791
_d157791